000 00434nam a22001577a 4500
005 20260219104633.0
008 260219b |||||||| |||| 00| 0 eng d
020 _a9788174092359
050 _aTA545
_b.A46
100 _aAGOR, R
245 _aA TEXTBOOK OF SURVEYING AND LEVELING AS PER AICTE SYLLABUS
260 _aNEW-DELHI
_bKHANNA PUBLISHERS
_c2019
300 _a123p.
650 _aSURVEYING
_vQUANTITY AND SURVEYING
942 _cBK
999 _c4548
_d4548